LEADER 01069nam a2200265 i 4500 001 000000352594 003 CaOOAMICUS 005 20221230115159.0 008 221230s2014 xxu u000 u eng u 020 $a978-0-310-52173-0 040 $aSeMil$bita 100 1 $aKlein, Ralph W.,$d<1938- >.$0(OLS)http://semarc/name/116938 245 10$a1 Samuel /$cRalph W. Klein. 250 $a2. Ed. 264 1$aGrand Rapids, MI :$bZondervan,$c2014. 300 $aliv, 306 p. ;$c24 cm. 490 1 $aWord biblical commentary ;$v10 650 4$aBibbia - AT - Samuele - Commentari, studi, critica, interpretazioni.$0(OLS)http://semarc/subject/43000 830 0$aWord biblical commentary ;$v10.$0(OLS)http://semarc/title/40351 850 $aSeMil 852 $aSeMil$W1$xVenegono$y1$m2WA M 10$j240219$B243817$CSeMilBibl$Z2$F243817 $81 996 $6020$a978-0-310-52173-0$9(OLS)http://semarc/number/297379 996 $6245$a1 Samuel$9(OLS)http://semarc/title/442481 996 $6264$aGrand Rapids, MI :$bZondervan$9(OLS)http://semarc/publisher/58036 LEADER 01052nam a2200217 i 4500 001 000000189619 003 CaOOAMICUS 005 20100513000000.0 008 100513s1931 it u000 u ita u 013 $a167893 040 $aSeMil$bita 100 1 $aColombo, Sisto.$0(OLS)http://semarc/name/4937 245 10$aBreve storia del servo di Dio Don Andrea Beltrami Sacerdote Salesiano da Omegna 1870-1897 /$cSac. Sisto Colombo Salesiano. 260 $aTorino [etc.] :$bSocietà Editrice Internazionale,$cstampa 1931. 300 $a230 p. :$bill. ;$c20 cm. 500 $aIn testa al front : La passiflora serafica. 600 14$aBeltrami, Andrea .$0(OLS)http://semarc/subject/35710 850 $aSeMil 852 $aSeMil$W1$xVenegono$y1$m3F I 533$j270933$B140250$CSeMilBibl$Z2$F151867 $81 996 $6245$aBreve storia del servo di Dio Don Andrea Beltrami Sacerdote Salesiano da Omegna 1870-1897$9(OLS)http://semarc/title/273022 996 $6260$aTorino [etc.] :$bSocietà Editrice Internazionale$9(OLS)http://semarc/publisher/31170